000 00385nam a22001577a 4500
003 GBCCL
005 20260219123049.0
008 260219b |||||||| |||| 00| 0 eng d
040 _cGBC
082 _a248.4
_bKHA 1
100 _aKhaizakham, Kh.
245 _aTonsot gama kinepna /
_cRev. Dr. Kh. Khaizakham
260 _aLamka :
_bAuthor,
_c2025
300 _a391
942 _2ddc
_cBK
_n0
999 _c11146
_d11146